| 000 | 00425nam a22001697a 4500 | ||
|---|---|---|---|
| 003 | NUST - PNEC | ||
| 005 | 20170116181124.0 | ||
| 008 | 151005b xxu||||| |||| 00| 0 eng d | ||
| 020 | _a- | ||
| 040 | _cLIBRARY | ||
| 082 | _a891.439370 NAS | ||
| 100 |
_913608 _aNasima Binte Siraj |
||
| 245 |
_aDiya jalay rakhna _cNasima Binte Siraj |
||
| 260 | _cc.2005 | ||
| 650 |
_913610 _aUrdu Literature _xGeneral |
||
| 942 |
_2ddc _cBK |
||
| 999 |
_c69677 _d69677 |
||